000
00285nam a2200133Ia 4500
008
201214s9999 xx 000 0 und d
100
_a
Hudson, Kenneth
245
0
_a
Museums for the 1980s
260
_a
London
260
_b
McMillan
260
_c
1977
300
_a
198
942
_c
BK
999
_c
5637
_d
5637